| 000 | 00341nam a22001337a 4500 | ||
|---|---|---|---|
| 005 | 20160330112103.0 | ||
| 008 | 150602b xxu||||| |||| 00| 0 eng d | ||
| 020 | _a9780071744263 | ||
| 020 | _a0071744266 | ||
| 041 | 0 | _aeng | |
| 080 | _a778.2 | ||
| 245 | 1 | 0 |
_aPMP Project Management Professional. _cJoseph Phillips. |
| 942 |
_2udc _cBK |
||
| 999 |
_c972 _d972 |
||